LEADER 00922nam0-22002891i-450- 001 990003856640403321 005 20080117093038.0 035 $a000385664 035 $aFED01000385664 035 $a(Aleph)000385664FED01 035 $a000385664 100 $a20030910d--------km-y0itay50------ba 101 0 $aita 102 $aIT 200 1 $aControl and management of capital projects$eDynamic estimating, control, and management by owner corporations of the cost, time, and value of engineering-construction projects$fJohn W. Hackney. 210 $aNew York$cWiley$d1965. 215 $axiv, 305 p.$cill.$d26 cm 676 $aG/3.30 676 $aG/3.331 700 1$aHackney,$bJohn W.$0286712 801 0$aIT$bUNINA$gRICA$2UNIMARC 901 $aBK 912 $a990003856640403321 952 $aG/3.331 HAC$b782/I$fSES 959 $aSES 996 $aControl and management of capital projects$9426072 997 $aUNINA LEADER 02113nam 2200565 450 001 9910813012803321 005 20230803021111.0 010 $a1-78084-261-9 010 $a1-78084-262-7 035 $a(CKB)2550000001101127 035 $a(EBL)1179626 035 $a(OCoLC)854971659 035 $a(SSID)ssj0001599964 035 $a(PQKBManifestationID)16306262 035 $a(PQKBTitleCode)TC0001599964 035 $a(PQKBWorkID)14892589 035 $a(PQKB)10114859 035 $a(MiAaPQ)EBC1179626 035 $a(Au-PeEL)EBL1179626 035 $a(EXLCZ)992550000001101127 100 $a20220517d2013 uy 0 101 0 $aeng 135 $aur|n|---||||| 181 $ctxt 182 $cc 183 $acr 200 00$aAdvances in the management of psoriatic arthritis /$feditor, Douglas J. Veale 205 $a1st ed. 210 1$aLondon, England :$cFuture Medicine Ltd.,$d[2013] 210 4$dİ2013 215 $a1 online resource (99 p.) 300 $aDescription based upon print version of record. 311 $a1-78084-263-5 327 $aTitle page; Copyright page; Contents; Foreword. Psoriatic arthritis: recognizing and managing disease in the 21st century; 1. Symptoms and diagnosis of psoriatic arthritis; 2. Classification and monitoring of disease activity; 3. Psoriatic arthritis pathogenesis; 4. Imaging features in psoriatic arthritis; 5. Treatment options: NSAIDs and DMARDs; 6. Treatment options: biologicals; 7. Prognosis and treatment guidelines; Index 330 $aAdvances in the management of psoriatic arthritis 606 $aPsoriatic arthritis 606 $aPsoriatic arthritis$xTreatment 606 $aPsoriatic arthritis$xChemotherapy 615 0$aPsoriatic arthritis. 615 0$aPsoriatic arthritis$xTreatment. 615 0$aPsoriatic arthritis$xChemotherapy. 676 $a616.7227 702 $aVeale$b Douglas J. 801 0$bMiAaPQ 801 1$bMiAaPQ 801 2$bMiAaPQ 906 $aBOOK 912 $a9910813012803321 996 $aAdvances in the management of psoriatic arthritis$93955230 997 $aUNINA LEADER 02082nam0 2200457 i 450 001 VAN00125749 005 20250116025324.977 017 70$2N$a9783319913131 100 $a20191204d2018 |0itac50 ba 101 $aeng 102 $aCH 105 $a|||| ||||| 181 $ai$b e 182 $ab 200 1 $aPlant Genetics and Molecular Biology$fRajeev K. Varshney, Manish K. Pandey, Annapurna Chitikineni editors 210 $aCham$cSpringer$d2018 215 $aXIII, 298 p.$cill.$d24 cm 410 1$1001VAN00123285$12001 $aAdvances in Biochemical Engineering/Biotechnology$1210 $aCham$cSpringer$d1971-$v164 620 $aCH$dCham$3VANL001889 676 $a660.6$cBiotecnologia. Microbiologia applicata$v22 676 $a540$cChimica generale$v22 676 $a630$cAgricoltura e tecnologie connesse$v22 676 $a631.5$cGenetica agraria$v22 676 $a634.956$cRimboschimento$v22 702 1$aChitikineni$bAnnapurna$3VANV097166 702 1$aPandey$bManish K.$3VANV097165 702 1$aVarshney$bRajeev K.$3VANV097164 712 $aSpringer $3VANV108073$4650 790 1$aPandey, M. K.$zPandey, Manish K.$3VANV103785 790 1$aPandey, M.K.$zPandey, Manish K.$3VANV214090 790 1$aVarshney, R. K.$zVarshney, Rajeev K.$3VANV103784 790 1$aVarshney, R.K.$zVarshney, Rajeev K.$3VANV214091 790 1$aVarshney, Rajeev Kumar$zVarshney, Rajeev K.$3VANV214092 801 $aIT$bSOL$c20250117$gRICA 856 4 $uhttps://link.springer.com/book/10.1007/978-3-319-91313-1$zE-book - Accesso al full-text attraverso riconoscimento IP di Ateneo, proxy e/o Shibboleth 899 $aBIBLIOTECA DEL DIPARTIMENTO DI SCIENZE E TECNOLOGIE AMBIENTALI BIOLOGICHE E FARMACEUTICHE$1IT-CE0101$2VAN17 912 $fN 912 $aVAN00125749 950 $aBIBLIOTECA DEL DIPARTIMENTO DI SCIENZE E TECNOLOGIE AMBIENTALI BIOLOGICHE E FARMACEUTICHE$d17CONS e-book 2112 $e17BIB2112/281 281 20191204 996 $aPlant Genetics and Molecular Biology$91568149 997 $aUNICAMPANIA